[Event "69th ch-RUS HL 2016"]
[Site "Kolomna RUS"]
[Date "2016.06.23"]
[Round "2.15"]
[White "Kobalia, Mikhail"]
[Black "Yuffa, Daniil"]
[Result "1/2-1/2"]
[WhiteTitle "GM"]
[BlackTitle "IM"]
[WhiteElo "2638"]
[BlackElo "2502"]
[WhiteFideId "4119150"]
[BlackFideId "24131423"]
[EventDate "2016.06.22"]

1. e4 c6 2. d4 d5 3. e5 Bf5 4. Nf3 e6 5. Be2 c5 6. O-O Nc6 7. c3 cxd4 8. Nxd4
Nxd4 9. cxd4 Ne7 10. Nc3 Nc6 11. g4 Bg6 12. f4 f5 13. exf6 Qxf6 14. f5 exf5 15.
Nxd5 Qxd4+ 16. Be3 Qxd1 17. Raxd1 O-O-O 18. gxf5 Bf7 19. Bf3 Bd6 20. Bg5 Rde8
21. f6 Bxd5 22. Bxd5 gxf6 23. Rxf6 Be7 24. Be6+ Kb8 25. Bf4+ Ka8 26. Rf5 Bc5+
27. Rxc5 Rxe6 28. Rf5 Re7 29. Kf2 Rhe8 30. Rd2 b6 31. Bg5 Rc7 32. h4 Kb7 33. Kg3
Rg7 34. Kh3 Re4 35. Rf6 Re1 36. Rfd6 Rh1+ 37. Kg4 Kc7 38. Re6 Kb7 39. Kh5 Rf7
40. Rf6 Rc7 41. Rc2 a5 42. Kh6 a4 43. a3 Rh3 44. h5 b5 45. Re6 Rf3 46. Rc5 Rb3
47. Bf4 Rf7 48. Rexc6 Rxf4 49. Rc7+ Kb8 50. Rc8+ Kb7 51. R8c7+ Kb8 52. Rxh7 Rxb2
53. Rg7 Rc4 54. Rf5 b4 55. Rb5+ Kc8 56. axb4 Rbxb4 57. Ra5 Rc7 58. Kh7 Kb7 59.
h6 Kb6 60. Ra8 Rbc4 61. Rb8+ Ka5 62. Kh8 Rc8+ 63. Rg8 Rxb8 64. Rxb8 Rh4 65. h7
a3 66. Kg7 Ka4 1/2-1/2

[Event "69th ch-RUS HL 2016"]
[Site "Kolomna RUS"]
[Date "2016.06.23"]
[Round "2.16"]
[White "Iljiushenok, Ilia"]
[Black "Savchenko, Boris"]
[Result "0-1"]
[WhiteTitle "IM"]
[BlackTitle "GM"]
[WhiteElo "2495"]
[BlackElo "2633"]
[WhiteFideId "24105074"]
[BlackFideId "4147332"]
[EventDate "2016.06.22"]

1. d4 e6 2. e4 d5 3. e5 c5 4. c3 Bd7 5. Nf3 Qb6 6. a3 c4 7. Nbd2 Qc7 8. g3 Ne7
9. h4 Nc8 10. Bh3 Nc6 11. O-O b5 12. h5 Nb6 13. Nh4 Be7 14. Ng2 a5 15. Nf3 h6
16. Nfh4 O-O-O 17. f4 Rhe8 18. Be3 Kb7 19. Kh2 b4 20. Rf2 b3 21. Qd2 Bc8 22. Re1
Na4 23. Qc1 Ka6 24. Rfe2 Na7 25. Qa1 Nb5 26. Bc1 Bd7 27. Ne3 Bxa3 28. Nd1 Be7
29. Qxa4 Na3 30. Qxa3 Bxa3 31. bxa3 b2 32. Nxb2 Rb8 33. Nf3 Rb3 34. Rc2 Reb8 35.
Nd2 Rxa3 36. Nbxc4 Ra1 37. Nb2 Ka7 38. Bf1 Ra2 39. Bd3 Bb5 40. c4 dxc4 41. Ndxc4
Ba4 42. Rce2 Rb3 43. Bb1 Raxb2 44. Nxb2 Qc3 45. Bd3 Rxb2 46. Bxb2 Qxd3 47. Re3
Qc2+ 48. R3e2 Qf5 49. d5 Qxh5+ 50. Kg2 Bb3 51. d6 Bd5+ 52. Kf1 Qh1+ 53. Kf2 Qf3+
54. Kg1 Qxg3+ 55. Kf1 Bc4 56. d7 Qf3+ 57. Kg1 Bxe2 58. Bd4+ Ka6 59. Rxe2 Qd5 0-1

[Event "69th ch-RUS HL 2016"]
[Site "Kolomna RUS"]
[Date "2016.06.23"]
[Round "2.17"]
[White "Rodin, Dmitrij"]
[Black "Alekseev, Evgeny"]
[Result "0-1"]
[WhiteTitle "FM"]
[BlackTitle "GM"]
[WhiteElo "2371"]
[BlackElo "2626"]
[WhiteFideId "4127412"]
[BlackFideId "4138147"]
[EventDate "2016.06.22"]

1. e4 e5 2. Nf3 Nc6 3. Bb5 a6 4. Ba4 Nf6 5. O-O Be7 6. Re1 b5 7. Bb3 d6 8. c3
O-O 9. h3 Nb8 10. d4 Nbd7 11. c4 c6 12. Nc3 b4 13. Nb1 Qc7 14. Nbd2 exd4 15.
Nxd4 Re8 16. Nf1 Bf8 17. Ng3 g6 18. Bg5 c5 19. Nf3 Bb7 20. Bc2 h6 21. Bf4 Re6
22. h4 Rae8 23. Nd2 Bg7 24. Rb1 Ne5 25. Ndf1 Nc6 26. Qd2 Nd4 27. f3 Nd7 28. Ba4
Kh7 29. Ne3 Rf8 30. Bxd7 Qxd7 31. Nd5 Qd8 32. Kf2 a5 33. Rh1 f5 34. Rbe1 Bxd5
35. cxd5 Re7 36. exf5 Nxf5 37. h5 Bd4+ 38. Kf1 Nxg3+ 39. Bxg3 g5 40. Bf2 Bg7 41.
Rxe7 Qxe7 42. b3 Kh8 43. Be3 Rf5 44. Kf2 Qf7 45. Rd1 Qxh5 46. Qd3 Rf8 47. Qa6
Be5 48. Rf1 Re8 49. Qc6 Bg3+ 0-1

[Event "69th ch-RUS HL 2016"]
[Site "Kolomna RUS"]
[Date "2016.06.23"]
[Round "2.18"]
[White "Goganov, Aleksey"]
[Black "Bezgodov, Alexei"]
[Result "1-0"]
[WhiteTitle "GM"]
[BlackTitle "GM"]
[WhiteElo "2620"]
[BlackElo "2493"]
[WhiteFideId "24109959"]
[BlackFideId "4105257"]
[EventDate "2016.06.22"]

1. d4 d5 2. c4 c5 3. cxd5 Qxd5 4. Nf3 cxd4 5. Nc3 Qa5 6. Nxd4 e5 7. Nb3 Qc7 8.
Nb5 Qc6 9. e3 Qd7 10. Qxd7+ Kxd7 11. Bc4 a6 12. Nc3 Ke8 13. Nd5 Ra7 14. Nb6 Bb4+
15. Ke2 Bg4+ 16. f3 Nd7 17. Nxd7 Bxd7 18. e4 b5 19. Bd3 Nf6 20. Be3 Rc7 21. Rac1
Rxc1 22. Rxc1 Ke7 23. Nc5 Ra8 24. a3 Bxc5 25. Bxc5+ Ke6 26. Bb1 Ne8 27. Rd1 Bc6
28. g3 g5 29. Ke3 Rc8 30. b4 Kf6 31. Ba2 Kg7 32. Be7 h6 33. h4 gxh4 34. gxh4 Rc7
35. Rg1+ Kh7 36. Bc5 Rd7 37. Bf8 Bb7 38. f4 f6 39. fxe5 fxe5 40. Be6 Rc7 41.
Bf5+ Kh8 42. Rg6 h5 43. Be6 Rc3+ 44. Kd2 Rc7 45. Kd3 Bc6 46. Bb3 Bb7 47. Re6
Rd7+ 48. Ke3 Nc7 49. Rxe5 1-0

[Event "69th ch-RUS HL 2016"]
[Site "Kolomna RUS"]
[Date "2016.06.23"]
[Round "2.19"]
[White "Oparin, Grigoriy"]
[Black "Kozionov, Kirill"]
[Result "1-0"]
[WhiteTitle "GM"]
[BlackTitle "IM"]
[WhiteElo "2597"]
[BlackElo "2440"]
[WhiteFideId "24125890"]
[BlackFideId "24101729"]
[EventDate "2016.06.22"]

1. Nf3 d5 2. g3 c6 3. Bg2 Bg4 4. O-O Nd7 5. h3 Bh5 6. d4 e6 7. c4 Bd6 8. Nc3
Ngf6 9. Qb3 Rb8 10. cxd5 Nxd5 11. e4 Nxc3 12. bxc3 O-O 13. Be3 Qc7 14. Nd2 Be2
15. Rfe1 Ba6 16. Nc4 Bxc4 17. Qxc4 c5 18. Rab1 cxd4 19. Qxc7 Bxc7 20. cxd4 Bb6
21. e5 Rfd8 22. a4 Nf8 23. Red1 Rd7 24. Rb5 Rbd8 25. a5 Bxd4 26. Rxd4 Rxd4 27.
Bxd4 Rxd4 28. Rxb7 Rd7 29. Rb8 g6 30. a6 Rc7 31. Bf1 Kg7 32. Rb7 Rxb7 33. axb7
Nd7 34. Kg2 Kf8 35. Bb5 Nb8 36. Kf3 Ke7 37. Kf4 h6 38. h4 Kd8 39. g4 a6 40. Ba4
a5 41. g5 h5 42. Bb5 Ke7 43. Ke3 Kd8 44. f4 Kc7 45. Be8 Kxb7 46. Bxf7 a4 47.
Bxe6 a3 48. f5 1-0

[Event "69th ch-RUS HL 2016"]
[Site "Kolomna RUS"]
[Date "2016.06.23"]
[Round "2.20"]
[White "Antipov, Mikhail Al."]
[Black "Sarana, Alexey"]
[Result "1/2-1/2"]
[WhiteTitle "GM"]
[BlackTitle "IM"]
[WhiteElo "2584"]
[BlackElo "2422"]
[WhiteFideId "4107012"]
[BlackFideId "24133795"]
[EventDate "2016.06.22"]

1. e4 c5 2. Ne2 d6 3. g3 g6 4. Bg2 Bg7 5. c3 Nc6 6. d4 h5 7. h3 e5 8. dxc5 dxc5
9. Qxd8+ Kxd8 10. Be3 b6 11. Nd2 Kc7 12. f4 Nge7 13. Nf3 f6 14. fxe5 fxe5 15.
Ng5 Bd7 16. h4 Bf6 17. Rd1 Bg4 18. Bh3 Bxg5 19. hxg5 Bxh3 20. Rxh3 Raf8 21. Ng1
Nc8 22. Ke2 Nd6 23. Rh4 Kd7 24. Nf3 Ke6 25. Nd2 Rhg8 26. Rdh1 Nf7 27. Nc4 Nd6
28. Nd2 Nf7 29. a3 Nd6 30. g4 hxg4 31. Rxg4 c4 32. Rh7 Rf7 33. Rgh4 Ne7 34. Rxf7
Kxf7 35. Rh1 Rf8 36. a4 Ke6 37. Rh4 Rb8 38. Rh7 a6 39. Kd1 b5 40. Bc5 Rf8 41.
Ke2 Rf4 42. Ke3 Rg4 43. Bxd6 Kxd6 44. axb5 axb5 45. Nf3 Rg2 46. Rf7 Nc6 47. Rf6+
Kc7 48. Rxg6 Rxb2 49. Rg7+ Kd6 50. g6 b4 51. Nd2 bxc3 52. Nxc4+ Kc5 53. Rc7 c2
54. Kd2 Kxc4 55. Rxc6+ Kd4 56. Rxc2 Rb6 1/2-1/2

[Event "69th ch-RUS HL 2016"]
[Site "Kolomna RUS"]
[Date "2016.06.23"]
[Round "2.21"]
[White "Gavrilov, Alexei1"]
[Black "Alekseenko, Kirill"]
[Result "1/2-1/2"]
[WhiteTitle "GM"]
[BlackTitle "GM"]
[WhiteElo "2466"]
[BlackElo "2576"]
[WhiteFideId "4104358"]
[BlackFideId "4135539"]
[EventDate "2016.06.22"]

1. d4 Nf6 2. c4 e6 3. Nf3 Bb4+ 4. Bd2 Qe7 5. g3 Bxd2+ 6. Qxd2 Nc6 7. Nc3 d5 8.
cxd5 exd5 9. Bg2 O-O 10. O-O Re8 11. e3 Bf5 12. Ne1 Ne4 13. Qd1 Rad8 14. Rc1 a6
15. Nd3 Nxc3 16. Rxc3 Na7 17. Nc5 Nb5 18. Rb3 c6 19. Nxb7 Qxb7 20. a4 Rc8 21.
Qd2 h5 22. h4 Be4 23. axb5 Bxg2 24. Kxg2 cxb5 25. Ra1 Rc4 26. Rba3 Re6 27. b3
Rcc6 28. Rc1 Rxc1 29. Qxc1 Rc6 30. Qd1 g6 31. Ra2 Qc8 32. Qf3 Qe6 33. Qf4 Kh7
34. Qe5 Qd7 35. Qf4 Qb7 36. Qg5 Qd7 37. Qf4 Kg8 38. Qb8+ Rc8 39. Qe5 Qc6 40. Ra1
Ra8 41. b4 Rd8 42. Qe7 Rc8 43. Qa7 Qc4 44. Qxa6 Rc6 45. Qa8+ Kg7 46. Qb8 Rf6 47.
Qe5 Qe2 48. Rf1 Qf3+ 49. Kg1 Kh7 50. Qb8 Qe2 51. Qb7 Rf5 52. Qc8 Kg7 53. Qc1 Rf6
54. Qc8 Rf5 55. Qd7 Kh7 56. Qc8 1/2-1/2

[Event "69th ch-RUS HL 2016"]
[Site "Kolomna RUS"]
[Date "2016.06.23"]
[Round "2.22"]
[White "Predke, Alexandr"]
[Black "Truskavetsky, Alexandr"]
[Result "1-0"]
[WhiteTitle "GM"]
[BlackTitle "IM"]
[WhiteElo "2550"]
[BlackElo "2389"]
[WhiteFideId "24107581"]
[BlackFideId "14108577"]
[EventDate "2016.06.22"]

1. e4 c5 2. Nf3 e6 3. d4 cxd4 4. Nxd4 a6 5. Bd3 Bc5 6. Nb3 Ba7 7. O-O Nc6 8. Qg4
Nf6 9. Qxg7 Rg8 10. Qh6 Ne5 11. Be2 d5 12. Bg5 Neg4 13. Bxf6 Nxf6 14. Nc3 dxe4
15. Rad1 Bd7 16. Nd2 e3 17. fxe3 Rg6 18. Qf4 Bc6 19. Bf3 Qb8 20. Bxc6+ bxc6 21.
Qf3 Qc7 22. Nde4 Nd5 23. Nd6+ Kf8 24. Nxf7 Kg7 25. Nxd5 exd5 26. Qh5 Re8 27. Kh1
Re7 28. e4 Rxf7 29. exd5 Rxf1+ 30. Rxf1 cxd5 31. Qxd5 Qe7 32. g3 Qc7 33. c4 Qe7
34. b4 Rd6 35. Qf3 Rd4 36. c5 Bb8 37. a3 Bc7 38. Rf2 Re4 39. Kg2 h6 40. Qf5 Re5
41. Qg4+ Rg5 42. Re2 Qf7 43. Qd4+ Kg8 44. a4 Qd5+ 45. Qxd5+ Rxd5 46. Re6 a5 47.
Rc6 Be5 48. b5 Bd4 49. b6 Bxc5 50. b7 Ba7 51. Rc8+ Kf7 52. Ra8 Rd2+ 53. Kf3 1-0

[Event "69th ch-RUS HL 2016"]
[Site "Kolomna RUS"]
[Date "2016.06.23"]
[Round "2.23"]
[White "Khairullin, Ildar"]
[Black "Suleymanyants, Odisey"]
[Result "1/2-1/2"]
[WhiteTitle "GM"]
[BlackTitle "FM"]
[WhiteElo "2629"]
[BlackElo "2268"]
[WhiteFideId "4151348"]
[BlackFideId "24149357"]
[EventDate "2016.06.22"]

1. e4 e5 2. Nf3 Nc6 3. Bb5 d6 4. d4 exd4 5. Nxd4 Bd7 6. Nc3 Nf6 7. O-O Be7 8.
Nxc6 Bxc6 9. Bxc6+ bxc6 10. b3 d5 11. Qf3 O-O 12. Rd1 Nxe4 13. Nxe4 dxe4 14.
Rxd8 exf3 15. Rxa8 Rxa8 16. gxf3 Rd8 17. Bf4 Bd6 18. Rd1 g5 19. Bxd6 Rxd6 20.
Re1 Re6 21. Rd1 Rd6 22. Re1 Re6 23. Rd1 1/2-1/2

[Event "69th ch-RUS HL 2016"]
[Site "Kolomna RUS"]
[Date "2016.06.23"]
[Round "2.24"]
[White "Cherniaev, Alexander"]
[Black "Rakhmanov, Aleksandr"]
[Result "1/2-1/2"]
[WhiteTitle "GM"]
[BlackTitle "GM"]
[WhiteElo "2451"]
[BlackElo "2655"]
[WhiteFideId "4117301"]
[BlackFideId "4173708"]
[EventDate "2016.06.22"]

1. e4 d5 2. exd5 Qxd5 3. Nc3 Qd6 4. d4 Nf6 5. Nf3 g6 6. Ne5 Bg7 7. Bf4 Nd5 8.
Nxd5 Qxd5 9. f3 O-O 10. Bc4 Qa5+ 11. Qd2 Qxd2+ 12. Kxd2 Nd7 13. Rae1 e6 14. c3
Nxe5 15. Bxe5 Bd7 16. Bxg7 Kxg7 17. h4 Rfd8 18. Kc2 Rac8 19. Re5 Bc6 20. h5 Bd5
21. Bxd5 Rxd5 22. hxg6 hxg6 23. Rxd5 exd5 24. Re1 Kf8 25. Re5 Rd8 26. Kd3 f6 27.
Re1 Kf7 28. Rh1 Kg7 29. Re1 Kf7 30. Rh1 Kg7 31. Re1 1/2-1/2

[Event "69th ch-RUS HL 2016"]
[Site "Kolomna RUS"]
[Date "2016.06.23"]
[Round "2.25"]
[White "Lobanov, Sergei"]
[Black "Demchenko, Anton"]
[Result "1/2-1/2"]
[BlackTitle "GM"]
[WhiteElo "2433"]
[BlackElo "2611"]
[WhiteFideId "24183750"]
[BlackFideId "4160258"]
[EventDate "2016.06.22"]

1. e4 e5 2. Nf3 Nc6 3. Bb5 g6 4. c3 a6 5. Ba4 d6 6. d4 Bd7 7. d5 Nce7 8. Bxd7+
Qxd7 9. O-O Bg7 10. c4 h6 11. Qb3 b6 12. a4 a5 13. Nc3 f5 14. exf5 gxf5 15. Nb5
Nf6 16. Re1 O-O 17. Nh4 f4 18. Ra3 Rac8 19. Qh3 Qxh3 20. Rxh3 Nd7 21. b3 Nc5 22.
Ba3 Rf7 23. Bxc5 bxc5 24. Rd3 Bf6 25. Nf3 Nf5 26. Nd2 Nd4 27. Ne4 Be7 28. Nxd4
cxd4 29. Kf1 c6 30. dxc6 Rxc6 31. Ke2 Kg7 32. g3 Kg6 33. Rf3 Kf5 34. Kd3 Ke6 35.
gxf4 Bg5 36. Rg1 Rb6 37. Kc2 Bxf4 38. Rh3 Kf5 39. f3 d3+ 40. Kxd3 Rxb3+ 41. Kc2
Rb6 42. Rh5+ Ke6 43. Rg6+ Kd7 44. c5 Rc6 45. Rxd6+ Rxd6 46. Nxd6 Rf8 47. Kd3 Kc6
48. Nc4 Kd5 49. Nb6+ Kc6 50. Nc4 Kd5 51. c6 Kxc6 52. Ke4 Bg5 53. Nxe5+ Kd6 54.
Ng6 Rb8 55. f4 Rb4+ 56. Kf5 Bd8 57. Ne5 Rxa4 58. Nf7+ Ke7 59. Nxd8 Kxd8 60. Rxh6
Ra2 61. Ra6 Rxh2 62. Kg6 Rg2+ 63. Kf6 Ra2 64. f5 a4 65. Ke6 Re2+ 66. Kf7 Ra2 67.
f6 a3 68. Kf8 Rf2 69. f7 a2 70. Rd6+ Kc7 71. Ra6 Kd7 72. Ra3 Rb2 73. Ra7+ Ke6
74. Ra6+ Kd7 75. Ra3 Ke6 76. Ra6+ Kd7 77. Ra7+ 1/2-1/2

[Event "69th ch-RUS HL 2016"]
[Site "Kolomna RUS"]
[Date "2016.06.23"]
[Round "2.26"]
[White "Volkov, Sergey"]
[Black "Korniushin, Nikolay"]
[Result "1-0"]
[WhiteTitle "GM"]
[BlackTitle "IM"]
[WhiteElo "2604"]
[BlackElo "2348"]
[WhiteFideId "4122763"]
[BlackFideId "4123808"]
[EventDate "2016.06.22"]

1. d4 e6 2. c4 Nf6 3. Nc3 Bb4 4. f3 d5 5. a3 Be7 6. e4 dxe4 7. fxe4 e5 8. d5 Bc5
9. Nf3 Bg4 10. h3 Bxf3 11. Qxf3 O-O 12. Bd3 Qe7 13. Bd2 a5 14. g4 Nbd7 15. h4
Ne8 16. g5 Nd6 17. O-O-O Bd4 18. Ne2 b5 19. cxb5 Nxb5 20. Bxb5 Qc5+ 21. Nc3 Bxc3
22. Bxd7 1-0

[Event "69th ch-RUS HL 2016"]
[Site "Kolomna RUS"]
[Date "2016.06.23"]
[Round "2.27"]
[White "Gordievsky, Dmitry"]
[Black "Kurbedinov, Ramis"]
[Result "1-0"]
[WhiteTitle "IM"]
[BlackTitle "IM"]
[WhiteElo "2523"]
[BlackElo "2327"]
[WhiteFideId "24112798"]
[BlackFideId "14200619"]
[EventDate "2016.06.22"]

1. Nf3 c5 2. c4 Nc6 3. Nc3 g6 4. e3 Bg7 5. d4 d6 6. d5 Nb8 7. e4 Nf6 8. Bd3 O-O
9. h3 Na6 10. O-O Nc7 11. Bf4 e5 12. Bg5 h6 13. Bd2 Nh5 14. Qc1 g5 15. Re1 Nf4
16. Bc2 Qf6 17. Nh2 h5 18. Nd1 Bh6 19. Ne3 Ne8 20. Nf5 Ng7 21. Qb1 Bd7 22. a4
Kh8 23. Ra3 Rg8 24. Bc1 Nxf5 25. exf5 Rg7 26. a5 g4 27. hxg4 hxg4 28. g3 Nh3+
29. Kg2 Bxc1 30. Rxc1 Rag8 31. Rh1 Rh7 32. Nf1 Qg7 33. Ne3 f6 34. Qd1 Qh6 35.
Ra1 Qg5 36. Be4 Rgg7 37. Kf1 Bc8 38. Ke2 Kg8 39. Qe1 Nf4+ 40. Kd2 Rxh1 41. Qxh1
Nh3 42. Qg2 Rh7 43. Rh1 Kf8 44. Qf1 Qg7 45. Kd3 Ng5 46. Rxh7 Qxh7 47. Qd1 Nh3
48. Qe2 Ke7 49. Kd2 Ng5 50. Qxg4 Qh2 51. Ke2 Bd7 52. Kf1 Be8 53. Bg2 Qh7 54. Kg1
Bd7 55. Be4 Qh8 56. Bc2 Qd8 57. a6 bxa6 58. Qh5 Qa5 59. b3 Qd2 60. Kg2 Be8 61.
Qh8 Qe2 62. Qg7+ Bf7 63. Bd1 Qd3 64. Bc2 Qe2 65. Bd1 Qd3 66. Bh5 Qe4+ 67. Kg1 a5
68. Bxf7 Nxf7 69. Qg6 Ng5 70. Qg7+ Nf7 71. Ng4 Qb1+ 72. Kg2 Qe4+ 73. f3 Qc2+ 74.
Nf2 a4 75. bxa4 Qxc4 76. Ne4 Qe2+ 77. Kh3 Qf1+ 78. Kg4 Qc1 79. Qxf6+ Ke8 80.
Qe6+ Kf8 81. Qc8+ Kg7 82. f6+ Kh7 83. Qd7 1-0

[Event "69th ch-RUS HL 2016"]
[Site "Kolomna RUS"]
[Date "2016.06.23"]
[Round "2.28"]
[White "Yanchenko, Roman"]
[Black "Sviridov, Valery"]
[Result "1/2-1/2"]
[WhiteTitle "FM"]
[WhiteElo "2414"]
[BlackElo "2517"]
[WhiteFideId "4137329"]
[BlackFideId "4120680"]
[EventDate "2016.06.22"]

1. d4 d6 2. Nf3 g6 3. g3 Bg7 4. Bg2 Nf6 5. O-O O-O 6. Nbd2 Nbd7 7. b3 e5 8. dxe5
dxe5 9. e4 b6 10. Qe2 Re8 11. Rd1 Bb7 12. Bb2 a5 13. Nc4 Qb8 14. Nfxe5 Nxe5 15.
Nxe5 Nxe4 16. Bxe4 Bxe5 17. Bxb7 Bxb2 18. Qf3 Bxa1 19. Bxa8 Qxa8 20. Qxa8 Rxa8
21. Rxa1 Rd8 22. Kf1 Kg7 23. Ke2 Kf6 24. c4 Kf5 25. f3 Ke5 26. Ke3 a4 27. Rc1 c5
28. h4 h5 29. Rb1 Rd4 30. Rc1 f6 31. Rb1 g5 32. hxg5 fxg5 33. Rh1 h4 34. Rg1
hxg3 35. Rxg3 Kf5 36. Rg1 a3 37. Rh1 Rh4 38. Rd1 Rh3 39. Rd5+ Kg6 40. Rd6+ Kh5
41. Rd8 g4 42. Rh8+ Kg5 43. Rg8+ Kf5 44. Rxg4 Rh2 45. Rg8 Rxa2 46. Rf8+ Ke5 47.
Re8+ Kd6 48. Ra8 Ra1 49. Kd3 Ke5 50. Kc2 Ra2+ 51. Kc3 Rf2 52. Rxa3 Rxf3+ 53. Kb2
Rf2+ 1/2-1/2

[Event "69th ch-RUS HL 2016"]
[Site "Kolomna RUS"]
[Date "2016.06.23"]
[Round "2.29"]
[White "Bykov, Egor"]
[Black "Moiseenko, Vadim"]
[Result "0-1"]
[WhiteTitle "FM"]
[BlackTitle "IM"]
[WhiteElo "2341"]
[BlackElo "2497"]
[WhiteFideId "34115290"]
[BlackFideId "4123700"]
[EventDate "2016.06.22"]

1. d4 d6 2. Nf3 f5 3. g3 Nf6 4. Bg2 g6 5. O-O Bg7 6. Nbd2 O-O 7. Re1 Nc6 8. e4
e5 9. d5 Ne7 10. c4 Bh6 11. b4 a5 12. Ba3 axb4 13. Bxb4 b6 14. a4 fxe4 15. Nxe4
Nxe4 16. Rxe4 Bd7 17. a5 bxa5 18. Bxa5 Ra7 19. Bb4 Rxa1 20. Qxa1 Qa8 21. Re1 Qb7
22. Nxe5 Bg7 23. Qc1 Bxe5 24. Rxe5 Nf5 25. Qe1 dxe5 26. Bxf8 Kxf8 27. Qxe5 Kg8
28. h4 Qb1+ 29. Bf1 Nd6 30. Qe2 Bh3 31. c5 Bxf1 32. Qxf1 Qxf1+ 33. Kxf1 Ne4 34.
d6 cxd6 35. cxd6 Nxd6 36. Ke2 Kf7 37. Kf3 Kf6 38. Kf4 h6 39. f3 Nf5 40. Kg4 Nd4
41. Kf4 Ne2+ 42. Kg4 Kf7 43. Kh3 Nd4 44. Kg4 h5+ 0-1

[Event "69th ch-RUS HL 2016"]
[Site "Kolomna RUS"]
[Date "2016.06.23"]
[Round "2.30"]
[White "Vasilyev, Vasily"]
[Black "Triapishko, Olexandr"]
[Result "0-1"]
[WhiteTitle "FM"]
[WhiteElo "2307"]
[BlackElo "2466"]
[WhiteFideId "24102180"]
[BlackFideId "14122286"]
[EventDate "2016.06.22"]

1. d4 Nf6 2. Nf3 g6 3. c4 Bg7 4. Nc3 d5 5. g3 dxc4 6. Bg2 c6 7. Ne5 Be6 8. O-O
O-O 9. e4 Nfd7 10. f4 Nxe5 11. dxe5 Qxd1 12. Rxd1 f6 13. exf6 exf6 14. Be3 Re8
15. Rd2 Na6 16. Rad1 Bf8 17. Bd4 Bc5 18. Na4 Bxd4+ 19. Rxd4 Kf7 20. Bf1 b5 21.
Nc3 Nc5 22. Rd6 Rac8 23. Bg2 b4 24. Nb1 Nd3 25. f5 gxf5 26. exf5 Bxf5 27. Bxc6
Re5 28. Nd2 Nxb2 29. Rf1 Ke7 30. Rd5 Bh3 31. Rxe5+ fxe5 32. Bg2 Bxg2 33. Kxg2
Nd3 34. a3 c3 35. Nb3 bxa3 36. Ra1 c2 37. Rxa3 Rc3 38. Rxa7+ Ke6 39. Ra6+ Kd5
40. Ra5+ Kd6 41. Ra6+ Kc7 42. Ra7+ Kb8 43. Ra3 0-1

[Event "69th ch-RUS HL 2016"]
[Site "Kolomna RUS"]
[Date "2016.06.24"]
[Round "3.1"]
[White "Timofeev, Artyom"]
[Black "Fedoseev, Vladimir3"]
[Result "1/2-1/2"]
[WhiteTitle "GM"]
[BlackTitle "GM"]
[WhiteElo "2586"]
[BlackElo "2665"]
[WhiteFideId "4140419"]
[BlackFideId "24130737"]
[EventDate "2016.06.22"]

1. d4 Nf6 2. c4 g6 3. g3 c6 4. Bg2 d5 5. cxd5 cxd5 6. Nf3 Bg7 7. Nc3 O-O 8. Ne5
e6 9. O-O Nfd7 10. Nf3 Nf6 11. Bf4 Nc6 12. Rc1 h6 13. Ne5 Bd7 14. Qd2 Nxe5 15.
Bxe5 Bc6 16. Rfd1 Qe7 17. h3 Rfd8 18. Qe3 Rac8 19. Rd2 Bf8 20. Rdc2 a6 21. g4
Nd7 22. Bf4 Kh7 23. g5 h5 24. Qg3 Nb6 25. Be5 Bg7 26. b3 Rg8 27. Bxg7 Rxg7 28.
e4 Rd8 29. e5 Qb4 30. Qf4 Nc8 31. Qd2 a5 32. Nd1 Ne7 33. Qxb4 axb4 34. Ne3 Ra8
35. Bf1 Rgg8 36. Bd3 Ra5 37. Rd1 Rga8 38. Rdd2 Kg7 39. Kf1 Be8 40. Ke1 Nc6 41.
Be2 Na7 42. Ng2 Bb5 43. Nf4 Bxe2 44. Nxe2 Nb5 45. f3 Kf8 46. Kf2 Ke7 47. Ke3 Kd7
48. Kf2 R8a6 49. Ke3 Ra8 50. Kf2 R5a6 51. Ke3 Rc6 52. Nc1 Na3 53. Rxc6 Kxc6 54.
Ne2 Kb5 55. Kd3 Rc8 56. h4 Kb6 57. Rb2 Rc6 58. Rd2 Nb1 59. Rc2 Kb5 60. Rc1 Na3
61. Kd2 Ka5 62. Kd3 Nb5 63. Rc2 Kb6 64. Rc1 Na7 65. Kd2 Nc8 66. Rc2 Kb5 67. Kd3
Kb6 68. Kd2 1/2-1/2

[Event "69th ch-RUS HL 2016"]
[Site "Kolomna RUS"]
[Date "2016.06.24"]
[Round "3.2"]
[White "Shaposhnikov, Evgeny"]
[Black "Kokarev, Dmitry"]
[Result "1/2-1/2"]
[WhiteTitle "GM"]
[BlackTitle "GM"]
[WhiteElo "2545"]
[BlackElo "2624"]
[WhiteFideId "4122232"]
[BlackFideId "4132181"]
[EventDate "2016.06.22"]

1. e4 c5 2. Nf3 d6 3. Bb5+ Bd7 4. Bxd7+ Qxd7 5. c4 Nf6 6. Nc3 g6 7. O-O Bg7 8.
d4 cxd4 9. Nxd4 O-O 10. f3 Nc6 11. Be3 a6 12. Nd5 Nxd5 13. cxd5 Nxd4 14. Bxd4
Bxd4+ 15. Qxd4 Rac8 16. Rac1 Rc7 17. Qd2 Rfc8 18. a3 Kg7 19. Rfd1 h5 20. h4 Qd8
21. Kh2 e5 22. dxe6 Qxh4+ 23. Kg1 Rxc1 24. Rxc1 Rxc1+ 25. Qxc1 fxe6 26. Qc7+ Kh6
27. Qxd6 Qe1+ 28. Kh2 Qh4+ 29. Kg1 Qe1+ 30. Kh2 Qh4+ 31. Kg1 1/2-1/2

[Event "69th ch-RUS HL 2016"]
[Site "Kolomna RUS"]
[Date "2016.06.24"]
[Round "3.3"]
[White "Matlakov, Maxim"]
[Black "Kryakvin, Dmitry"]
[Result "1/2-1/2"]
[WhiteTitle "GM"]
[BlackTitle "GM"]
[WhiteElo "2691"]
[BlackElo "2547"]
[WhiteFideId "4168003"]
[BlackFideId "4153278"]
[EventDate "2016.06.22"]

1. d4 g6 2. Nf3 Bg7 3. c4 d6 4. g3 Nf6 5. Bg2 O-O 6. Nc3 Nc6 7. O-O Bg4 8. h3
Bxf3 9. Bxf3 e5 10. dxe5 Nxe5 11. Bxb7 Rb8 12. Bg2 Nxc4 13. Qc2 Qd7 14. b3 Nb6
15. Bb2 d5 16. e3 c6 17. Rac1 Rfc8 18. Ne2 Ne8 19. Ba3 Qb7 20. Rfd1 a5 21. h4 a4
22. Bh3 Rc7 23. Nd4 axb3 24. axb3 Ra8 25. Ra1 Nc8 26. Bc5 Rxa1 27. Rxa1 Ned6 28.
Bxc8 Nxc8 29. Rc1 h5 30. b4 Qa6 31. Kg2 Bf6 32. g4 hxg4 33. h5 Ne7 34. Bxe7 Rxe7
35. hxg6 Bxd4 36. exd4 Qe2 37. gxf7+ Kxf7 38. Qf5+ Ke8 39. Qg6+ Kf8 40. Qh6+ Kf7
41. Qf4+ Ke8 42. Kg1 Qf3 43. Qxf3 1/2-1/2

[Event "69th ch-RUS HL 2016"]
[Site "Kolomna RUS"]
[Date "2016.06.24"]
[Round "3.4"]
[White "Eliseev, Urii"]
[Black "Lysyj, Igor"]
[Result "1/2-1/2"]
[WhiteTitle "GM"]
[BlackTitle "GM"]
[WhiteElo "2602"]
[BlackElo "2663"]
[WhiteFideId "24131920"]
[BlackFideId "4150120"]
[EventDate "2016.06.22"]

1. e4 e5 2. Nf3 Nc6 3. Bb5 Nf6 4. d3 Bc5 5. Bxc6 dxc6 6. Nbd2 O-O 7. Qe2 Nd7 8.
Nc4 f6 9. Bd2 Nb6 10. Ne3 Be6 11. O-O Qd7 12. b3 a5 13. a4 Nc8 14. Nc4 b6 15.
Bc3 Ne7 16. Rfd1 Bg4 17. h3 Bxf3 18. Qxf3 Ng6 19. Ne3 Bxe3 20. fxe3 c5 21. Rf1
Ne7 22. Rf2 Nc6 23. g4 Rf7 24. Kh2 Raf8 25. Rg1 g6 26. Qg3 Qe6 27. Rgf1 Kg7 28.
Kg2 Rh8 29. Rf5 Qd6 30. R5f3 Rhf8 31. R1f2 Qe6 32. Kf1 h6 33. h4 Qd6 34. Ke2 Qe6
35. Kd2 Qd6 36. Kc1 Qe6 37. Rf1 Qd6 38. R1f2 Qe6 39. Rf1 Qd6 40. R1f2 1/2-1/2